[Event "Titled Tuesday intern op 06th Feb Early"]
[Site "Chess.com INT"]
[Date "2024.02.06"]
[Round "8"]
[White "Chemin, Justo Reinaldo"]
[Black "Viskelis, Darius"]
[Result "0-1"]
[WhiteElo "2040"]
[BlackElo "2181"]
[PlyCount "62"]
[EventDate "2024.02.06"]
[EventType "swiss (blitz)"]
[EventRounds "11"]
[EventCountry "USA"]
[SourceTitle "CB07_2024"]
[SourceDate "2024.02.14"]
[SourceVersion "1"]
[SourceVersionDate "2024.02.14"]
[SourceQuality "1"]

1. d4 d5 2. Nf3 Nf6 3. Bf4 Bf5 4. e3 e6 5. c4 Bxb1 6. Rxb1 Bb4+ 7. Ke2 0-0 8. Qb3 Nc6 9. a3 dxc4 10. Qxc4 Bd6 11. Bg5 h6 12. Bh4 e5 13. d5 Na5 14. Qc3 b6 15. b4 Nb7 16. Bxf6 Qxf6 17. e4 Qg6 18. Qe3 a5 19. b5 f5 20. exf5 Qxf5 21. Rd1 Bc5 22. Qb3 e4 23. d6+ Kh8 24. dxc7 exf3+ 25. gxf3 Rfe8+ 26. Kd2 Rad8+ 27. Kc1 Rxd1+ 28. Kxd1 Qd7+ 29. Bd3 Qxc7 30. Rg1 Bxf2 31. Rg6 Re1+ 0-1

[Event "Titled Tuesday intern op 19th Dec Early"]
[Site "Chess.com INT"]
[Date "2023.12.19"]
[Round "6"]
[White "Feliz Dotel, Dewar Bienvenido"]
[Black "Viskelis, Darius"]
[Result "1-0"]
[WhiteElo "2048"]
[BlackElo "2192"]
[PlyCount "105"]
[EventDate "2023.12.19"]
[EventType "swiss (blitz)"]
[EventRounds "11"]
[EventCountry "USA"]
[SourceTitle "CB52_2023"]
[SourceDate "2023.12.27"]
[SourceVersion "1"]
[SourceVersionDate "2023.12.27"]
[SourceQuality "1"]

1. Nf3 d5 2. c4 d4 3. b4 f6 4. e3 dxe3 5. fxe3 e5 6. d4 Bxb4+ 7. Bd2 Bxd2+ 8. Nbxd2 exd4 9. exd4 Nh6 10. Bd3 0-0 11. 0-0 Bf5 12. Ne4 Nc6 13. d5 Nb4 14. Bb1 Re8 15. Nfd2 a5 16. a3 Na6 17. Bc2 Re5 18. Qb1 b6 19. Nf3 Re8 20. Nd4 Bd7 21. Ng3 f5 22. Ngxf5 Nxf5 23. Nxf5 Nc5 24. Nd4 Qh4 25. Bf5 Qxd4+ 26. Kh1 Bxf5 27. Qxf5 Rf8 28. Qh5 Rxf1+ 29. Rxf1 Rf8 30. Rxf8+ Kxf8 31. h3 Qxc4 32. Qf5+ Ke8 33. Qc8+ Ke7 34. Qxc7+ Kf6 35. Qxb6+ Ke5 36. d6 Qc1+ 37. Kh2 Qf4+ 38. Kh1 Ne6 39. d7 Qf1+ 40. Kh2 Qf4+ 41. Kh1 Qd4 42. Qxa5+ Kf6 43. Qa7 Ke7 44. Qa5 Qxd7 45. Qb4+ Qd6 46. Qh4+ g5 47. Qxh7+ Kf6 48. Qh6+ Kf5 49. Qh7+ Kf4 50. Qf7+ Ke5 51. Qg8 Qxa3 52. Qh8+ Kf5 53. Qh7+ 1-0

[Event "Titled Tuesday intern op 19th Dec Early"]
[Site "Chess.com INT"]
[Date "2023.12.19"]
[Round "9"]
[White "Viskelis, Darius"]
[Black "Brandao, Marcius Gomes"]
[Result "1-0"]
[WhiteElo "2192"]
[BlackElo "1973"]
[PlyCount "63"]
[EventDate "2023.12.19"]
[EventType "swiss (blitz)"]
[EventRounds "11"]
[EventCountry "USA"]
[SourceTitle "CB52_2023"]
[SourceDate "2023.12.27"]
[SourceVersion "1"]
[SourceVersionDate "2023.12.27"]
[SourceQuality "1"]

1. e4 c5 2. d4 cxd4 3. c3 Nf6 4. e5 Nd5 5. Nf3 Nc6 6. Bc4 Nb6 7. Bb3 d5 8. cxd4 Bg4 9. Be3 e6 10. 0-0 Be7 11. Nc3 0-0 12. h3 Bh5 13. Rc1 Rc8 14. a3 Na5 15. Ba2 Nac4 16. Qb3 Bxf3 17. gxf3 Bg5 18. f4 Be7 19. Bb1 f6 20. Kh2 f5 21. Rg1 Kh8 22. Bd3 Rg8 23. Ne2 Bh4 24. Ng3 g5 25. fxg5 Nxe3 26. Rxc8 Qxc8 27. fxe3 Bxg5 28. Be2 Nc4 29. Bxc4 dxc4 30. Qc3 Qc6 31. Qe1 Qf3 32. Nf1 1-0

[Event "Taujenai-ch rapid"]
[Site "Taujenai"]
[Date "2023.10.29"]
[Round "8"]
[White "Viskelis, Darius"]
[Black "Pidluznij, Gleb"]
[Result "1/2-1/2"]
[WhiteElo "1923"]
[BlackElo "2246"]
[PlyCount "120"]
[EventDate "2023.10.28"]
[EventType "swiss (rapid)"]
[EventRounds "10"]
[EventCountry "LTU"]
[SourceTitle "Mega2024 Update 01"]
[Source "Chessbase"]
[SourceDate "2023.11.12"]
[SourceVersion "1"]
[SourceVersionDate "2023.11.12"]
[SourceQuality "1"]

1. e4 c6 2. d4 d5 3. exd5 cxd5 4. c4 Nf6 5. Nc3 Nc6 6. Bf4 g6 7. c5 Bg7 8. Bb5 0-0 9. Nf3 Bg4 10. Bxc6 Bxf3 11. Qxf3 bxc6 12. Be5 Nd7 13. Bxg7 Kxg7 14. 0-0 e5 15. dxe5 Nxe5 16. Qf4 Re8 17. Rfd1 Qf6 18. Qxf6+ Kxf6 19. b4 Rab8 20. Rab1 Nc4 21. a4 a6 22. g3 Ke7 23. Kg2 Kd7 24. Kf3 Rb7 25. Kf4 h6 26. h4 Re5 27. Kf3 h5 28. Ne2 Na3 29. Rb2 a5 30. b5 cxb5 31. Nd4 Nc4 32. c6+ Kc7 33. cxb7 Nxb2 34. Rb1 Nc4 35. Rxb5 Re8 36. Nb3 Nd6 37. Rxd5 Nxb7 38. Nxa5 Nd6 39. Nc4 Nf5 40. a5 Re6 41. Ne3 Ne7 42. Rc5+ Kb7 43. Nd5 Nxd5 44. Rxd5 Ka6 45. Kf4 Rf6+ 46. Ke3 Re6+ 47. Kd3 Re7 48. f3 Re1 49. g4 Rh1 50. gxh5 Rxh4 51. hxg6 fxg6 52. Rd6+ Kxa5 53. Rxg6 Kb5 54. Rd6 Kc5 55. Rd8 Rh7 56. f4 Re7 57. f5 Re5 58. f6 Rf5 59. Rf8 Kd5 60. Ke3 Kd6 1/2-1/2

[Event "Taujenai-ch rapid"]
[Site "Taujenai"]
[Date "2023.10.29"]
[Round "9"]
[White "Viskelis, Darius"]
[Black "Pidluznij, Matvej"]
[Result "1-0"]
[WhiteElo "1923"]
[BlackElo "1404"]
[PlyCount "73"]
[EventDate "2023.10.28"]
[EventType "swiss (rapid)"]
[EventRounds "10"]
[EventCountry "LTU"]
[SourceTitle "Mega2024 Update 01"]
[Source "Chessbase"]
[SourceDate "2023.11.12"]
[SourceVersion "1"]
[SourceVersionDate "2023.11.12"]
[SourceQuality "1"]

1. e4 e5 2. Nf3 Nc6 3. Bb5 a6 4. Ba4 Nf6 5. 0-0 b5 6. Bb3 Bc5 7. Nc3 d6 8. d3 h6 9. a4 Rb8 10. Nd5 Bg4 11. c3 Nxd5 12. Bxd5 Ne7 13. Bb3 0-0 14. h3 Be6 15. axb5 axb5 16. d4 Bxb3 17. Qxb3 exd4 18. cxd4 Bb6 19. d5 Ng6 20. Be3 Bxe3 21. Qxe3 Qd7 22. Nd4 Ne5 23. f4 Nc4 24. Qc3 Rfe8 25. b3 Nb6 26. Rfe1 Nc8 27. Nf5 f6 28. Nd4 Ne7 29. Ra7 b4 30. Qg3 Ra8 31. Ne6 Nxd5 32. Rxa8 Qxe6 33. Rxe8+ Qxe8 34. exd5 Qb5 35. Qg6 Qc5+ 36. Kh1 Qxd5 37. Re8# 1-0

[Event "Taujenai-ch rapid"]
[Site "Taujenai"]
[Date "2023.10.28"]
[Round "5"]
[White "Viskelis, Darius"]
[Black "Mickus, Vidminas Marius"]
[Result "1-0"]
[WhiteElo "1923"]
[BlackElo "1474"]
[PlyCount "69"]
[EventDate "2023.10.28"]
[EventType "swiss (rapid)"]
[EventRounds "10"]
[EventCountry "LTU"]
[SourceTitle "Mega2024 Update 01"]
[Source "Chessbase"]
[SourceDate "2023.11.12"]
[SourceVersion "1"]
[SourceVersionDate "2023.11.12"]
[SourceQuality "1"]

1. e4 e5 2. Nf3 Nc6 3. d4 exd4 4. Nxd4 Nf6 5. Nxc6 bxc6 6. e5 Qe7 7. Qe2 Nd5 8. c4 Nb6 9. Nc3 Qe6 10. b3 a5 11. Bb2 Bb4 12. a3 Bxc3+ 13. Bxc3 a4 14. b4 Ba6 15. b5 cxb5 16. cxb5 Bb7 17. Qc2 0-0 18. Bd3 h6 19. 0-0 Qg4 20. f3 Qf4 21. Rae1 Nd5 22. Re4 Qg5 23. Bd2 Qe7 24. Rg4 Kh8 25. Qc1 Qe6 26. Rh4 Qb6+ 27. Kh1 f5 28. Bxh6 gxh6 29. Rxh6+ Qxh6 30. Qxh6+ Kg8 31. Qg6+ Kh8 32. Bxf5 Rxf5 33. Qxf5 Ne3 34. Qh5+ Kg8 35. Qg5+ 1-0

[Event "Titled Tuesday intern op 26th Sep Early"]
[Site "Chess.com INT"]
[Date "2023.09.26"]
[Round "8"]
[White "Viskelis, Darius"]
[Black "Skiadopoulos, Nikolaos"]
[Result "1-0"]
[WhiteElo "2152"]
[BlackElo "1896"]
[PlyCount "81"]
[EventDate "2023.09.26"]
[EventType "swiss (blitz)"]
[EventRounds "11"]
[EventCountry "USA"]
[SourceTitle "EXT 2024"]
[Source "ChessBase"]
[SourceDate "2023.10.10"]
[SourceVersion "1"]
[SourceVersionDate "2023.10.10"]
[SourceQuality "1"]

1. e4 c5 2. Nf3 Nc6 3. Bb5 Na5 4. b4 cxb4 5. d4 a6 6. Be2 g6 7. 0-0 Bg7 8. Bb2 Nh6 9. a3 bxa3 10. Nxa3 0-0 11. c4 d6 12. h3 Bd7 13. Nc2 b5 14. cxb5 Bxb5 15. Nb4 Nc4 16. Bc3 f5 17. Qb3 Rc8 18. Nd2 d5 19. Nxd5 Nxd2 20. Bxd2 Bxe2 21. Nxe7+ Kh8 22. Nxc8 Bxf1 23. Kxf1 Qxc8 24. e5 f4 25. Rc1 Qd7 26. Qb6 f3 27. gxf3 Qxh3+ 28. Ke1 Qxf3 29. Be3 Ng4 30. Qb3 Nxe3 31. Qxe3 Qd5 32. Ke2 a5 33. Rc5 Qa2+ 34. Kf1 Bh6 35. Qe2 Qb1+ 36. Kg2 Qb7+ 37. d5 a4 38. e6 Bg5 39. Qe5+ Bf6 40. Qd6 a3 41. Qxf8# 1-0

[Event "Speed Chess Q2 Sw"]
[Site "Chess.com INT"]
[Date "2023.08.23"]
[Round "8"]
[White "Bazilius, Augustinas"]
[Black "Viskelis, Darius"]
[Result "1-0"]
[WhiteElo "2052"]
[BlackElo "2122"]
[PlyCount "61"]
[EventDate "2023.08.23"]
[EventType "swiss (blitz)"]
[EventRounds "14"]
[EventCountry "USA"]
[SourceTitle "CBM 215 Extra"]
[Source "ChessBase"]
[SourceDate "2023.09.30"]
[SourceVersion "1"]
[SourceVersionDate "2023.09.30"]
[SourceQuality "1"]

1. d4 d5 2. c4 e6 3. Nf3 c5 4. cxd5 exd5 5. g3 Nc6 6. Bg2 Be6 7. 0-0 Nf6 8. Bg5 h6 9. Bxf6 Qxf6 10. Nc3 c4 11. e4 dxe4 12. Nxe4 Qg6 13. Nh4 Qh7 14. d5 Rd8 15. Re1 Bb4 16. Qa4 Rxd5 17. Nf6+ gxf6 18. Bxd5 Bxe1 19. Bxc6+ bxc6 20. Qxc6+ Kf8 21. Rxe1 Kg7 22. Rxe6 fxe6 23. Qxe6 Qb1+ 24. Kg2 Rf8 25. Qxc4 Qxb2 26. Qg4+ Kf7 27. Qd7+ Kg8 28. Nf5 Rf7 29. Nxh6+ Kg7 30. Nxf7 Qb7+ 31. Qxb7 1-0

[Event "Speed Chess Q2 Sw"]
[Site "Chess.com INT"]
[Date "2023.08.23"]
[Round "7"]
[White "Viskelis, Darius"]
[Black "Valle Luis, Leo"]
[Result "0-1"]
[WhiteElo "2122"]
[BlackElo "2250"]
[PlyCount "82"]
[EventDate "2023.08.23"]
[EventType "swiss (blitz)"]
[EventRounds "14"]
[EventCountry "USA"]
[SourceTitle "CBM 215 Extra"]
[Source "ChessBase"]
[SourceDate "2023.09.30"]
[SourceVersion "1"]
[SourceVersionDate "2023.09.30"]
[SourceQuality "1"]

1. e4 c6 2. d4 d5 3. exd5 cxd5 4. c4 Nf6 5. Nc3 Nc6 6. Bg5 Be6 7. c5 g6 8. Bb5 Bg7 9. Nf3 0-0 10. 0-0 Ne4 11. Bf4 Nxc3 12. bxc3 a6 13. Bxc6 bxc6 14. Ne5 Rc8 15. Qa4 f6 16. Nd3 Bf5 17. Nb4 e5 18. Bg3 a5 19. Nc2 Bd3 20. Rfe1 Bb5 21. Qa3 e4 22. Bd6 Rf7 23. g3 f5 24. Ne3 g5 25. Ng2 a4 26. Qc1 h6 27. Rb1 Qa5 28. h4 Bf6 29. Rb4 Kh7 30. Ne3 f4 31. Ng4 Bh8 32. hxg5 hxg5 33. Kg2 f3+ 34. Kh2 Kg6 35. Rh1 Qa7 36. Kg1 Rh7 37. Rxh7 Qxh7 38. Rxb5 cxb5 39. Qf1 Bxd4 40. cxd4 Rh8 41. Ne5+ Kf6 0-1

[Event "Panevezys op"]
[Site "Panevezys"]
[Date "2023.08.20"]
[Round "6"]
[White "Viskelis, Darius"]
[Black "Salna, Aleksandras"]
[Result "1/2-1/2"]
[WhiteElo "2122"]
[BlackElo "2260"]
[PlyCount "118"]
[EventDate "2023.08.18"]
[EventType "swiss"]
[EventRounds "7"]
[EventCountry "LTU"]
[SourceTitle "EXT 2024"]
[Source "ChessBase"]
[SourceDate "2023.10.10"]
[SourceVersion "1"]
[SourceVersionDate "2023.10.10"]
[SourceQuality "1"]

1. e4 c6 2. d4 d5 3. e5 Bf5 4. g4 Bc8 5. Be2 c5 6. c3 Qb6 7. dxc5 Qxc5 8. Be3 Qc7 9. Qxd5 Nc6 10. Na3 a6 11. Nc4 Be6 12. Qe4 Bxc4 13. Qxc4 Qxe5 14. Nf3 Qc7 15. Nd4 e5 16. Nxc6 Qxc6 17. Qxc6+ bxc6 18. 0-0-0 Nf6 19. f4 Nd5 20. Bf3 exf4 21. Bxd5 cxd5 22. Bxf4 0-0-0 23. Rd3 Bd6 24. Bxd6 Rxd6 25. Rhd1 Rhd8 26. c4 d4 27. c5 Rd5 28. b4 a5 29. a3 h5 30. h3 hxg4 31. hxg4 Kc7 32. Kc2 Kc6 33. Kb3 Kb5 34. Rc1 a4+ 35. Kc2 Rh8 36. Rf3 Rg5 37. Kd3 Rxg4 38. c6 Rc8 39. Rxf7 Rxc6 40. Rf5+ Kb6 41. Rxc6+ Kxc6 42. Ra5 Rg3+ 43. Kxd4 Rxa3 44. Kc4 Rf3 45. Ra6+ Kb7 46. Rxa4 Rf4+ 47. Kc5 g5 48. Ra3 Rf5+ 49. Kc4 Kb6 50. Ra8 Rf4+ 51. Kb3 g4 52. Ka4 Rf1 53. Rb8+ Kc7 54. Rg8 Rg1 55. Rg7+ Kd6 56. Rg6+ Ke5 57. b5 g3 58. Ka5 Kd5 59. Kb6 Kd4 1/2-1/2

[Event "Panevezys op"]
[Site "Panevezys"]
[Date "2023.08.19"]
[Round "4"]
[White "Viskelis, Darius"]
[Black "Posaskov, Nikita"]
[Result "1-0"]
[WhiteElo "2122"]
[BlackElo "2055"]
[PlyCount "73"]
[EventDate "2023.08.18"]
[EventType "swiss"]
[EventRounds "7"]
[EventCountry "LTU"]
[SourceTitle "EXT 2024"]
[Source "ChessBase"]
[SourceDate "2023.10.10"]
[SourceVersion "1"]
[SourceVersionDate "2023.10.10"]
[SourceQuality "1"]

1. e4 e6 2. d4 b6 3. Be3 Bb7 4. Bd3 Nf6 5. Nd2 c5 6. c3 Nc6 7. Ngf3 cxd4 8. Nxd4 Be7 9. f4 0-0 10. 0-0 d6 11. Qf3 Re8 12. Qh3 e5 13. Nf5 Bf8 14. fxe5 Nxe5 15. Bg5 Re6 16. Nd4 Re7 17. Bxf6 gxf6 18. Nf5 Re8 19. Bb5 Re6 20. Rae1 d5 21. Nd4 Rd6 22. Ba4 Ng6 23. Bb3 Rd7 24. Kh1 Rd6 25. Qh5 dxe4 26. Nxe4 Bxe4 27. Rxe4 Qd7 28. Re3 Bg7 29. Rh3 Rxd4 30. Qxh7+ Kf8 31. cxd4 Qxd4 32. Rg3 Qe4 33. h3 Rd8 34. Rxf6 Rd1+ 35. Kh2 Qb1 36. Rxf7+ Ke8 37. Qg8+ 1-0

[Event "Titled Tuesday intern op 01st Aug Early"]
[Site "Chess.com INT"]
[Date "2023.08.01"]
[Round "8"]
[White "Srivatsan, Karthikeyan"]
[Black "Viskelis, Darius"]
[Result "0-1"]
[WhiteElo "1813"]
[BlackElo "2122"]
[PlyCount "118"]
[EventDate "2023.08.01"]
[EventType "swiss (blitz)"]
[EventRounds "11"]
[EventCountry "USA"]
[SourceTitle "EXT 2024"]
[Source "ChessBase"]
[SourceDate "2023.10.10"]
[SourceVersion "1"]
[SourceVersionDate "2023.10.10"]
[SourceQuality "1"]

1. e4 c5 2. Nf3 g6 3. d4 cxd4 4. Nxd4 Bg7 5. c4 Nc6 6. Be3 Nf6 7. Nc3 0-0 8. f3 d6 9. Be2 Nxd4 10. Bxd4 Be6 11. 0-0 Qa5 12. a3 Rfc8 13. b4 Qd8 14. Nd5 Nd7 15. Bxg7 Kxg7 16. Qd4+ f6 17. Rac1 a5 18. f4 axb4 19. axb4 Ra2 20. Bf3 Bf7 21. c5 dxc5 22. bxc5 e5 23. fxe5 Nxe5 24. Bd1 Rc6 25. Bb3 Ra3 26. Qb2 Ra5 27. Qc3 Raxc5 28. Qxc5 Rxc5 29. Rxc5 Bxd5 30. Rxd5 Qb6+ 31. Kh1 Qxb3 32. h3 Qc4 33. Rb1 Kh6 34. Rxb7 Qc1+ 35. Kh2 Qf4+ 36. Kh1 Qf1+ 37. Kh2 Qf2 38. Rb3 Qf4+ 39. Kh1 Qxe4 40. Rdb5 Kg7 41. Rb7+ Kh6 42. R7b5 Qe1+ 43. Kh2 Qd2 44. Rb7 Qd6 45. Kh1 g5 46. R7b6 Qd1+ 47. Kh2 Kg6 48. Rb8 h5 49. R8b6 Qd4 50. R6b4 Qd6 51. Kh1 g4 52. hxg4 hxg4 53. Rb6 Qd1+ 54. Kh2 Qd2 55. Kg3 Qe1+ 56. Kh2 Qh4+ 57. Kg1 g3 58. Kf1 Qd4 59. Rb2 Qd1# 0-1

[Event "Titled Tuesday intern op 01st Aug Early"]
[Site "Chess.com INT"]
[Date "2023.08.01"]
[Round "2"]
[White "Viskelis, Darius"]
[Black "Tikhonov, Viacheslav"]
[Result "1-0"]
[WhiteElo "2122"]
[BlackElo "2201"]
[PlyCount "43"]
[EventDate "2023.08.01"]
[EventType "swiss (blitz)"]
[EventRounds "11"]
[EventCountry "USA"]
[SourceTitle "EXT 2024"]
[Source "ChessBase"]
[SourceDate "2023.10.10"]
[SourceVersion "1"]
[SourceVersionDate "2023.10.10"]
[SourceQuality "1"]

1. e4 c6 2. d4 d5 3. exd5 cxd5 4. c4 Nf6 5. Nc3 Nc6 6. Bg5 Be6 7. c5 b6 8. Bb5 Bd7 9. Bxf6 exf6 10. Nxd5 bxc5 11. Qe2+ Be7 12. Nf3 0-0 13. Bxc6 Bxc6 14. Nxe7+ Kh8 15. Nxc6 Qd5 16. Ne7 Qb7 17. 0-0 Rfe8 18. Rfe1 cxd4 19. Nxd4 Qb4 20. Ndc6 Qh4 21. g3 Qc4 22. Qxc4 1-0

[Event "Plateliai Plunge op-A 42nd"]
[Site "Plateliai"]
[Date "2023.07.23"]
[Round "9"]
[White "Viskelis, Darius"]
[Black "Levitsky, Andrey"]
[Result "0-1"]
[WhiteElo "2166"]
[BlackElo "2295"]
[PlyCount "62"]
[EventDate "2023.07.17"]
[EventType "swiss"]
[EventRounds "9"]
[EventCountry "LTU"]
[SourceTitle "CBM 215 Extra"]
[Source "ChessBase"]
[SourceDate "2023.09.30"]
[SourceVersion "1"]
[SourceVersionDate "2023.09.30"]
[SourceQuality "1"]

1. e4 e6 2. d4 d5 3. Nd2 c5 4. exd5 Qxd5 5. Ngf3 cxd4 6. Bc4 Qd7 7. 0-0 a6 8. Nb3 b5 9. Be2 Nc6 10. Bf4 Bb7 11. Ne5 Nxe5 12. Bxe5 Nf6 13. Bxd4 Qc7 14. c4 b4 15. Bxf6 gxf6 16. Bf3 Rd8 17. Qe2 Bd6 18. Bxb7 Qxb7 19. Qg4 h5 20. Qe2 h4 21. h3 Rg8 22. f4 Rg3 23. Rad1 Ke7 24. c5 Bxf4 25. Na5 Be3+ 26. Kh2 Qc7 27. Rd6 Qxa5 28. Rfd1 Bf4 29. Rxd8 Qxd8 30. Kh1 Qa8 31. Rd4 Rxh3+ 0-1

[Event "Plateliai Plunge op-A 42nd"]
[Site "Plateliai"]
[Date "2023.07.20"]
[Round "6"]
[White "Simkunaite, Gabija"]
[Black "Viskelis, Darius"]
[Result "1-0"]
[WhiteElo "1960"]
[BlackElo "2166"]
[PlyCount "95"]
[EventDate "2023.07.17"]
[EventType "swiss"]
[EventRounds "9"]
[EventCountry "LTU"]
[SourceTitle "CBM 215 Extra"]
[Source "ChessBase"]
[SourceDate "2023.09.30"]
[SourceVersion "1"]
[SourceVersionDate "2023.09.30"]
[SourceQuality "1"]

1. e4 e5 2. Nf3 Nf6 3. Nc3 Bb4 4. Bd3 0-0 5. 0-0 Re8 6. Re1 c6 7. a3 Ba5 8. b4 Bc7 9. Bb2 d6 10. h3 Nbd7 11. Bc4 Nf8 12. d4 Be6 13. d5 Bd7 14. Ng5 Re7 15. a4 h6 16. Nf3 Ng6 17. Ba3 Nf4 18. dxc6 bxc6 19. b5 c5 20. Nd5 N6xd5 21. Bxd5 Rb8 22. Bc1 Ba5 23. Bxf4 Bxe1 24. Bg5 hxg5 25. Nxg5 Bxf2+ 26. Kxf2 g6 27. Qf3 Be6 28. Bxe6 fxe6 29. Kg1 Qf8 30. Qd3 Rd8 31. Rf1 Qh6 32. Qg3 Rf8 33. Rd1 Rd8 34. Rf1 Qh5 35. Rf3 c4 36. a5 Rf8 37. Rxf8+ Kxf8 38. b6 axb6 39. axb6 Qd1+ 40. Kh2 Qxc2 41. Qh4 Kg7 42. Qh7+ Kf6 43. Qh6 Re8 44. Nh7+ Kf7 45. Qh4 Qa4 46. Qf6+ Kg8 47. Qxg6+ Kh8 48. Nf6 1-0